000 00469nam a22001577a 4500
003 OSt
005 20151117153634.0
008 151117b xxu||||| |||| 00| 0 eng d
040 _cRUA
082 _aFIS ហេង 1991 B145 Or.1
100 _93814
_aហេង សុថារិទ្ធ
245 _aព្រៃលិចទឹកក្នុងខេត្តកណ្តាល
260 _aPhnom Penbh
_bRUA
_c1991
300 _a95p.
_bill.
_c29cm.
942 _2ddc
_cFIS
999 _c3547
_d3547